00789 a2200181 45000010006000000050017000060080041000230030015000640400040000790800045001192450013001642500012001772640051001893000019002405050300002591000018005597000030005775318820260407155806.0260407a1965 arg spa dAR-UNSa-BCEJYS aAR-UNSa-BCEJYSbspacAR-UNSa-BCEJYS a331.2xSalarios. Sueldos. Remuneraciones10aSalarios a4a. ed. 1aMéxico :bFondo de Cultura Económicac1965 a148 p.c21 cm. aI. Sistema de salarios – II. Los salarios y el patrón de vida – III. El pago de los salarios – IV. Las teoría de los salarios – V. Los salarios y el poder de la contratación – VI. Diferencias de salarios – VII. El sindicalismo y los salarios – VIII. El estado y los salarios.1 aDobb, Maurice1 aMartínez Adame, Emigdio